[Event "WCO2014"]
[Site "Tromso"]
[Date "2014.08.09"]
[Round "7.18"]
[WhiteID "14603152"]
[White "Borisek Jure"]
[BlackID "3902048"]
[Black "Guerrero Vargas Andres"]
[Result "1/2-1/2"]
[LiveChessVersion "1.4.3"]
[BlackElo "2318"]
[WhiteElo "2569"]

1. e4 {[%clk 1:30:54]} c5 {[%clk 1:30:56]} 2. Nf3 {[%clk 1:31:13]} e6
{[%clk 1:26:38]} 3. d4 {[%clk 1:31:25]} cxd4 {[%clk 1:27:06]} 4. Nxd4
{[%clk 1:31:50]} Nc6 {[%clk 1:27:35]} 5. Nc3 {[%clk 1:32:14]} Qc7
{[%clk 1:28:01]} 6. Be3 {[%clk 1:32:37]} Nf6 {[%clk 1:28:27]} 7. Ndb5
{[%clk 1:32:45]} Qb8 {[%clk 1:28:53]} 8. Qd2 {[%clk 1:31:20]} a6 {[%clk 1:29:16]}
9. Nd4 {[%clk 1:31:48]} Bb4 {[%clk 1:28:11]} 10. f3 {[%clk 1:32:04]} Qc7
{[%clk 1:26:45]} 11. a3 {[%clk 1:28:32]} Be7 {[%clk 1:27:12]} 12. g4
{[%clk 1:24:56]} b5 {[%clk 1:27:36]} 13. O-O-O {[%clk 1:16:44]} O-O
{[%clk 1:28:02]} 14. g5 {[%clk 1:16:55]} Nh5 {[%clk 1:28:31]} 15. Kb1
{[%clk 1:11:43]} Ne5 {[%clk 1:25:20]} 16. f4 {[%clk 1:07:53]} Nc4
{[%clk 1:22:37]} 17. Bxc4 {[%clk 1:06:52]} bxc4 {[%clk 1:23:01]} 18. Nde2
{[%clk 1:05:09]} Rb8 {[%clk 1:11:31]} 19. Ka1 {[%clk 1:05:17]} f5
{[%clk 0:54:16]} 20. Ng3 {[%clk 1:01:26]} g6 {[%clk 0:49:40]} 21. exf5
{[%clk 0:49:30]} Nxg3 {[%clk 0:48:28]} 22. hxg3 {[%clk 0:49:48]} Rxf5
{[%clk 0:48:53]} 23. Bd4 {[%clk 0:40:12]} Qb7 {[%clk 0:36:23]} 24. Rb1
{[%clk 0:39:25]} d6 {[%clk 0:32:29]} 25. Qe2 {[%clk 0:35:04]} Qc6
{[%clk 0:32:44]} 26. Ne4 {[%clk 0:28:19]} e5 {[%clk 0:29:42]} 27. fxe5
{[%clk 0:27:59]} dxe5 {[%clk 0:29:56]} 28. Bc3 {[%clk 0:28:20]} Qa4
{[%clk 0:27:40]} 29. Rbd1 {[%clk 0:25:34]} Be6 {[%clk 0:20:53]} 30. Rd6
{[%clk 0:19:11]} Bxd6 {[%clk 0:15:29]} 31. Nxd6 {[%clk 0:19:35]} Qc6
{[%clk 0:14:23]} 32. Rd1 {[%clk 0:08:43]} Qf3 {[%clk 0:10:28]} 33. Qxf3
{[%clk 0:06:59]} Rxf3 {[%clk 0:10:57]} 34. Ne4 {[%clk 0:06:52]} Bf5
{[%clk 0:09:48]} 35. Bxe5 Bxe4 {[%clk 0:05:18]} 36. Bxb8 {[%clk 0:06:50]} 1/2-1/2

[Event "WCO2014"]
[Site "Tromso"]
[Date "2014.08.09"]
[Round "7.17"]
[WhiteID "3901831"]
[White "Castro Jose Luis"]
[BlackID "14602296"]
[Black "Sebenik Matej"]
[Result "1/2-1/2"]
[LiveChessVersion "1.4.3"]
[BlackElo "2537"]
[WhiteElo "2313"]

1. e4 {[%clk 1:30:55]} c5 {[%clk 1:30:26]} 2. Nf3 {[%clk 1:31:20]} Nc6
{[%clk 1:28:49]} 3. d4 {[%clk 1:31:17]} cxd4 {[%clk 1:29:15]} 4. Nxd4
{[%clk 1:31:41]} g6 {[%clk 1:29:41]} 5. c4 {[%clk 1:31:30]} Nf6 {[%clk 1:30:06]}
6. Nc3 {[%clk 1:31:55]} d6 {[%clk 1:30:33]} 7. Be2 {[%clk 1:31:25]} Nxd4
{[%clk 1:30:58]} 8. Qxd4 {[%clk 1:31:54]} Bg7 {[%clk 1:31:21]} 9. Be3
{[%clk 1:32:21]} O-O {[%clk 1:31:45]} 10. Qd2 {[%clk 1:32:49]} Be6
{[%clk 1:32:02]} 11. O-O {[%clk 1:29:06]} Qa5 {[%clk 1:31:05]} 12. Rac1
{[%clk 1:27:26]} Rfc8 {[%clk 1:30:45]} 13. b3 {[%clk 1:27:39]} a6
{[%clk 1:30:51]} 14. a4 {[%clk 0:42:41]} Bd7 {[%clk 1:26:18]} 15. f3
{[%clk 0:33:33]} Bc6 {[%clk 1:16:40]} 16. Rc2 {[%clk 0:32:17]} Nd7
{[%clk 1:11:29]} 17. Rb1 {[%clk 0:30:38]} Qd8 {[%clk 1:07:06]} 18. Bf1
{[%clk 0:27:55]} a5 {[%clk 1:07:05]} 19. Kh1 {[%clk 0:16:40]} Nc5
{[%clk 1:00:52]} 20. Nd5 {[%clk 0:17:03]} e6 {[%clk 0:59:26]} 21. Nf4
{[%clk 0:13:55]} Qf8 {[%clk 0:46:32]} 22. Nd3 {[%clk 0:12:53]} b6
{[%clk 0:46:25]} 23. Nf2 {[%clk 0:08:50]} Rd8 {[%clk 0:37:10]} 24. Qc1
{[%clk 0:06:48]} f5 {[%clk 0:20:02]} 25. exf5 {[%clk 0:06:25]} gxf5
{[%clk 0:20:27]} 26. Bg5 {[%clk 0:01:51]} Rd7 {[%clk 0:20:25]} 27. Rd2
{[%clk 0:01:20]} Kh8 {[%clk 0:13:59]} 28. Qc2 {[%clk 0:00:57]} Re8
{[%clk 0:13:54]} 29. Rbd1 {[%clk 0:00:44]} e5 {[%clk 0:14:11]} 30. Be3
{[%clk 0:00:45]} Re6 {[%clk 0:13:27]} 31. Bd3 {[%clk 0:00:47]} e4
{[%clk 0:08:34]} 32. fxe4 {[%clk 0:00:58]} f4 {[%clk 0:08:55]} 33. Bxc5
{[%clk 0:01:13]} dxc5 {[%clk 0:08:50]} 34. Be2 {[%clk 0:01:25]} Rxd2
{[%clk 0:03:56]} 35. Qxd2 {[%clk 0:01:44]} Bd4 {[%clk 0:04:23]} 36. Bg4
{[%clk 0:01:30]} Rg6 {[%clk 0:04:21]} 37. Bf3 {[%clk 0:01:08]} Qh6
{[%clk 0:02:12]} 38. Nh3 {[%clk 0:00:53]} Rf6 {[%clk 0:01:59]} 39. Qe2
{[%clk 0:00:57]} Re6 {[%clk 0:02:07]} 40. Qd3 {[%clk 0:01:03]} Re5
{[%clk 0:02:04]} 41. Re1 {[%clk 0:00:34]} Qh4 {[%clk 0:25:10]} 42. Qd2
{[%clk 0:26:10]} Be3 {[%clk 0:25:15]} 43. Qc3 {[%clk 0:26:39]} Bd4
{[%clk 0:25:40]} 44. Qd2 {[%clk 0:25:33]} Be3 {[%clk 0:26:05]} 45. Rxe3
{[%clk 0:16:20]} fxe3 {[%clk 0:26:16]} 46. Qd6 {[%clk 0:16:48]} Qe7
{[%clk 0:09:06]} 47. Qxc6 {[%clk 0:16:42]} e2 {[%clk 0:09:33]} 48. Qc8+
{[%clk 0:11:13]} Qe8 {[%clk 0:08:50]} 49. Qxe8+ {[%clk 0:11:38]} Rxe8
{[%clk 0:09:17]} 50. Bxe2 {[%clk 0:12:01]} Rxe4 {[%clk 0:09:45]} 51. Bf3
{[%clk 0:09:37]} Re1+ {[%clk 0:09:57]} 52. Ng1 {[%clk 0:10:02]} Rb1
{[%clk 0:10:23]} 53. Bc6 {[%clk 0:10:08]} Kg7 {[%clk 0:10:29]} 54. h4
{[%clk 0:08:34]} Rxb3 {[%clk 0:10:41]} 55. Nf3 {[%clk 0:08:27]} Kf6
{[%clk 0:11:02]} 56. Kh2 {[%clk 0:08:18]} h6 {[%clk 0:11:04]} 57. Kg3
{[%clk 0:06:29]} Rc3 {[%clk 0:11:15]} 58. Bb5 {[%clk 0:06:47]} Kf5
{[%clk 0:10:44]} 59. Bd7+ {[%clk 0:07:07]} Kf6 {[%clk 0:11:01]} 60. Bb5
{[%clk 0:07:36]} Kf5 {[%clk 0:11:27]} 61. h5 {[%clk 0:08:01]} Rc2
{[%clk 0:10:17]} 62. Ne1 {[%clk 0:05:14]} Re2 {[%clk 0:09:20]} 63. Nf3
{[%clk 0:05:25]} Rc2 {[%clk 0:09:48]} 64. Nh4+ {[%clk 0:04:49]} Kg5
{[%clk 0:09:24]} 65. Nf3+ {[%clk 0:05:01]} Kf5 {[%clk 0:09:50]} 66. Bd7+
{[%clk 0:03:50]} Kf6 {[%clk 0:10:11]} 67. Bb5 {[%clk 0:03:38]} 1/2-1/2

[Event "WCO2014"]
[Site "Tromso"]
[Date "2014.08.09"]
[Round "7.13"]
[WhiteID "12500739"]
[White "Ghaem Maghami Ehsan"]
[BlackID "1610856"]
[Black "Ragger Markus"]
[Result "1/2-1/2"]
[LiveChessVersion "1.4.3"]
[BlackElo "2644"]
[WhiteElo "2594"]

1. d4 {[%clk 1:30:56]} Nf6 {[%clk 1:30:56]} 2. c4 {[%clk 1:31:20]} g6
{[%clk 1:31:21]} 3. Nc3 {[%clk 1:31:25]} d5 {[%clk 1:31:48]} 4. cxd5
{[%clk 1:31:32]} Nxd5 {[%clk 1:32:14]} 5. Bd2 {[%clk 1:31:45]} Bg7
{[%clk 1:32:20]} 6. e4 {[%clk 1:32:05]} Nb6 {[%clk 1:32:46]} 7. Be3
{[%clk 1:32:11]} O-O {[%clk 1:32:55]} 8. Bb5 {[%clk 1:30:31]} Be6
{[%clk 1:31:18]} 9. Nf3 {[%clk 1:27:46]} Bg4 {[%clk 1:29:38]} 10. Qd2
{[%clk 1:24:20]} Nc6 {[%clk 1:10:08]} 11. Ne2 {[%clk 1:08:49]} Bd7
{[%clk 1:01:29]} 12. Bh6 {[%clk 0:55:32]} Ne5 {[%clk 0:50:20]} 13. Bxg7
{[%clk 0:54:47]} Kxg7 {[%clk 0:47:50]} 14. Nxe5 {[%clk 0:52:52]} Bxb5
{[%clk 0:48:13]} 15. Nc3 {[%clk 0:51:01]} Ba6 {[%clk 0:48:18]} 16. h4
{[%clk 0:40:34]} h5 {[%clk 0:37:54]} 17. O-O-O {[%clk 0:39:03]} Qd6
{[%clk 0:38:18]} 18. Qg5 {[%clk 0:39:25]} Qf6 {[%clk 0:28:04]} 19. Qxf6+
{[%clk 0:37:07]} exf6 {[%clk 0:28:30]} 20. Nd3 {[%clk 0:36:13]} Nd7
{[%clk 0:24:05]} 21. Nb4 {[%clk 0:20:43]} Bc4 {[%clk 0:23:44]} 22. b3
{[%clk 0:18:08]} a5 {[%clk 0:24:05]} 23. Nc2 {[%clk 0:16:03]} Ba6
{[%clk 0:24:14]} 24. Kb2 {[%clk 0:15:44]} c5 {[%clk 0:21:41]} 25. Rd2
{[%clk 0:14:38]} cxd4 {[%clk 0:19:51]} 26. Rxd4 {[%clk 0:14:59]} Nc5
{[%clk 0:17:59]} 27. Rhd1 {[%clk 0:15:12]} Rfc8 {[%clk 0:18:03]} 28. Rd6
{[%clk 0:10:29]} Rc6 {[%clk 0:14:25]} 29. Rxc6 {[%clk 0:09:28]} bxc6
{[%clk 0:14:54]} 30. f3 {[%clk 0:08:38]} Nd3+ {[%clk 0:13:53]} 1/2-1/2

[Event "WCO2014"]
[Site "Tromso"]
[Date "2014.08.09"]
[Round "7.14"]
[WhiteID "13601270"]
[White "Shengelia David"]
[BlackID "12501255"]
[Black "Moradiabadi Elshan"]
[Result "1/2-1/2"]
[LiveChessVersion "1.4.3"]
[BlackElo "2598"]
[WhiteElo "2556"]

1. d4 {[%clk 1:30:55]} d5 {[%clk 1:30:56]} 2. c4 {[%clk 1:30:24]} dxc4
{[%clk 1:31:22]} 3. e4 {[%clk 1:25:44]} e5 {[%clk 1:31:11]} 4. Nf3
{[%clk 1:21:20]} exd4 {[%clk 1:31:32]} 5. Qxd4 {[%clk 1:20:29]} Qxd4
{[%clk 1:30:21]} 6. Nxd4 {[%clk 1:20:56]} Nf6 {[%clk 1:27:56]} 7. Nc3
{[%clk 1:04:57]} Bc5 {[%clk 1:12:30]} 8. Ndb5 {[%clk 1:04:58]} Na6
{[%clk 1:12:13]} 9. Bf4 {[%clk 1:05:08]} Be6 {[%clk 0:55:21]} 10. Bxc7
{[%clk 0:44:39]} O-O {[%clk 0:53:59]} 11. Bd6 {[%clk 0:44:34]} Rfd8
{[%clk 0:53:18]} 12. Bxc5 {[%clk 0:44:32]} Nxc5 {[%clk 0:53:46]} 13. Nc7
{[%clk 0:44:53]} Rac8 {[%clk 0:54:11]} 14. Nxe6 {[%clk 0:45:20]} Nxe6
{[%clk 0:54:34]} 15. f3 {[%clk 0:45:15]} a6 {[%clk 0:52:01]} 16. Rd1
{[%clk 0:43:04]} b5 {[%clk 0:52:20]} 17. Be2 {[%clk 0:43:07]} Rxd1+
{[%clk 0:37:42]} 18. Kxd1 {[%clk 0:35:22]} b4 {[%clk 0:37:19]} 19. Na4
{[%clk 0:31:29]} g5 {[%clk 0:21:35]} 20. Kd2 {[%clk 0:28:03]} Nf4
{[%clk 0:21:06]} 21. g3 {[%clk 0:27:15]} Nxe2 {[%clk 0:19:55]} 22. Kxe2
{[%clk 0:27:45]} g4 {[%clk 0:20:19]} 23. Rc1 {[%clk 0:19:02]} gxf3+
{[%clk 0:20:43]} 24. Kxf3 {[%clk 0:19:27]} Nd7 {[%clk 0:16:17]} 25. Ke3
{[%clk 0:19:50]} Rc6 {[%clk 0:15:46]} 26. Rd1 {[%clk 0:06:29]} Ne5
{[%clk 0:16:12]} 27. Rd5 {[%clk 0:06:52]} Ng4+ {[%clk 0:13:19]} 28. Kd4
{[%clk 0:06:17]} Nxh2 {[%clk 0:13:44]} 29. Nc5 {[%clk 0:04:43]} Nf1
{[%clk 0:13:05]} 30. Rg5+ {[%clk 0:04:04]} Kf8 {[%clk 0:13:35]} 31. Kxc4
{[%clk 0:04:20]} h6 {[%clk 0:13:58]} 32. Re5 {[%clk 0:04:17]} Nxg3
{[%clk 0:14:00]} 33. Kxb4 {[%clk 0:04:07]} h5 {[%clk 0:14:17]} 34. Nd3
{[%clk 0:02:26]} h4 {[%clk 0:14:07]} 35. Nf4 {[%clk 0:02:25]} Rc2
{[%clk 0:13:20]} 36. a4 {[%clk 0:01:26]} Rxb2+ {[%clk 0:05:46]} 37. Ka5
{[%clk 0:01:55]} Rf2 {[%clk 0:06:08]} 38. Nh3 {[%clk 0:02:05]} Rf6
{[%clk 0:06:33]} 39. Rg5 {[%clk 0:01:45]} Rh6 {[%clk 0:06:14]} 40. Rg4
{[%clk 0:01:48]} Ne2 {[%clk 0:06:24]} 41. e5 {[%clk 0:01:35]} Ke7
{[%clk 0:05:22]} 42. Rb4 Nc3 {[%clk 0:32:56]} 43. Rb7+ {[%clk 0:25:35]} Kf8
{[%clk 0:31:57]} 44. Ng5 {[%clk 0:23:58]} Rh5 {[%clk 0:23:47]} 45. Rxf7+
{[%clk 0:24:09]} Kg8 {[%clk 0:24:09]} 46. Rf3 {[%clk 0:20:12]} Nxa4
{[%clk 0:24:06]} 47. Kxa4 {[%clk 0:11:52]} Rxg5 {[%clk 0:23:58]} 48. Rf4
{[%clk 0:08:50]} h3 {[%clk 0:24:23]} 49. e6 {[%clk 0:08:39]} Re5 {[%clk 0:24:47]}
50. Rh4 {[%clk 0:08:57]} Re3 {[%clk 0:24:58]} 51. e7 {[%clk 0:09:21]} Kf7
{[%clk 0:25:10]} 52. Rh7+ {[%clk 0:09:45]} Ke8 {[%clk 0:25:37]} 53. Ka5
{[%clk 0:10:06]} Ra3+ {[%clk 0:25:53]} 54. Kb4 {[%clk 0:10:22]} Re3
{[%clk 0:25:36]} 55. Ka5 {[%clk 0:10:44]} Ra3+ {[%clk 0:26:02]} 1/2-1/2

[Event "WCO2014"]
[Site "Tromso"]
[Date "2014.08.09"]
[Round "7.15"]
[WhiteID "12510130"]
[White "Idani Pouya"]
[BlackID "1613880"]
[Black "Kreisl Robert"]
[Result "1/2-1/2"]
[LiveChessVersion "1.4.3"]
[BlackElo "2432"]
[WhiteElo "2499"]

1. e4 {[%clk 1:30:58]} c6 {[%clk 1:30:55]} 2. d4 {[%clk 1:31:23]} d5
{[%clk 1:31:21]} 3. Nd2 {[%clk 1:31:50]} dxe4 {[%clk 1:31:45]} 4. Nxe4
{[%clk 1:32:16]} Bf5 {[%clk 1:31:54]} 5. Ng3 {[%clk 1:32:41]} Bg6
{[%clk 1:32:20]} 6. Nh3 {[%clk 1:33:06]} Nf6 {[%clk 1:28:19]} 7. Nf4
{[%clk 1:33:30]} Nbd7 {[%clk 1:26:07]} 8. Bc4 {[%clk 1:32:57]} Qc7
{[%clk 1:25:51]} 9. c3 {[%clk 1:31:51]} e6 {[%clk 1:22:49]} 10. O-O
{[%clk 1:31:53]} Bd6 {[%clk 1:22:54]} 11. Qf3 {[%clk 1:32:17]} O-O
{[%clk 1:20:42]} 12. Nxg6 {[%clk 1:32:43]} hxg6 {[%clk 1:21:08]} 13. Bg5
{[%clk 1:33:09]} c5 {[%clk 1:17:53]} 14. Rfc1 {[%clk 1:33:35]} Rac8
{[%clk 1:08:10]} 15. Bb3 {[%clk 1:33:55]} Qb6 {[%clk 0:54:53]} 16. Qd3
{[%clk 1:10:30]} cxd4 {[%clk 0:36:11]} 17. cxd4 {[%clk 1:09:23]} Rxc1+
{[%clk 0:36:21]} 18. Rxc1 {[%clk 1:09:28]} Bxg3 {[%clk 0:27:49]} 19. hxg3
{[%clk 1:09:17]} Nd5 {[%clk 0:16:55]} 20. Rc4 {[%clk 0:55:52]} N7f6
{[%clk 0:15:18]} 21. Rc5 {[%clk 0:48:29]} Rd8 {[%clk 0:14:54]} 22. Bd2
{[%clk 0:42:31]} Qd6 {[%clk 0:11:32]} 23. Qf3 {[%clk 0:41:06]} Qd7
{[%clk 0:10:23]} 24. g4 {[%clk 0:40:31]} Ne7 {[%clk 0:09:17]} 25. Be3
{[%clk 0:33:50]} Rc8 {[%clk 0:04:45]} 26. Qe2 {[%clk 0:27:25]} b6
{[%clk 0:04:27]} 27. Rxc8+ {[%clk 0:26:32]} Qxc8 {[%clk 0:04:55]} 28. Bg5
{[%clk 0:24:15]} Nfd5 {[%clk 0:05:05]} 29. Qf3 {[%clk 0:20:02]} Qd7
{[%clk 0:04:48]} 30. Bd2 {[%clk 0:18:48]} Nc6 {[%clk 0:04:28]} 31. Be3
{[%clk 0:18:36]} Na5 {[%clk 0:03:52]} 32. Qg3 {[%clk 0:16:58]} Nxb3
{[%clk 0:02:22]} 33. Qb8+ {[%clk 0:17:21]} Kh7 {[%clk 0:02:48]} 34. Qh2+
{[%clk 0:17:45]} Kg8 {[%clk 0:03:15]} 35. Qb8+ {[%clk 0:18:06]} Kh7
{[%clk 0:03:42]} 36. Qh2+ 1/2-1/2

[Event "WCO2014"]
[Site "Tromso"]
[Date "2014.08.09"]
[Round "7.16"]
[WhiteID "1621645"]
[White "Schreiner Peter"]
[BlackID "12505269"]
[Black "Golizadeh Asghar"]
[Result "1/2-1/2"]
[LiveChessVersion "1.4.3"]
[BlackElo "2490"]
[WhiteElo "2460"]

1. Nf3 {[%clk 1:30:58]} c5 {[%clk 1:30:50]} 2. c4 {[%clk 1:31:14]} Nc6
{[%clk 1:31:14]} 3. Nc3 {[%clk 1:31:38]} g6 {[%clk 1:31:41]} 4. e3
{[%clk 1:31:57]} Nf6 {[%clk 1:32:07]} 5. d4 {[%clk 1:32:15]} cxd4
{[%clk 1:32:32]} 6. exd4 {[%clk 1:32:38]} d5 {[%clk 1:32:59]} 7. cxd5
{[%clk 1:32:56]} Nxd5 {[%clk 1:33:28]} 8. Qb3 {[%clk 1:32:57]} Nxc3
{[%clk 1:33:53]} 9. Bc4 {[%clk 1:33:17]} Nd5 {[%clk 1:34:19]} 10. Bxd5
{[%clk 1:33:36]} e6 {[%clk 1:34:48]} 11. Bxc6+ {[%clk 1:33:33]} bxc6
{[%clk 1:35:16]} 12. O-O {[%clk 1:32:40]} Qd5 {[%clk 1:35:42]} 13. Bg5
{[%clk 1:30:38]} Bg7 {[%clk 1:33:35]} 14. Rfc1 {[%clk 1:27:04]} O-O
{[%clk 1:31:30]} 15. Qe3 {[%clk 1:27:01]} Qb5 {[%clk 1:24:30]} 16. b3
{[%clk 1:21:40]} a5 {[%clk 1:24:43]} 17. Bh6 {[%clk 1:11:27]} a4 {[%clk 1:20:26]}
18. Bxg7 {[%clk 0:59:35]} Kxg7 {[%clk 1:20:50]} 19. Rc5 {[%clk 0:59:36]} Qb7
{[%clk 1:14:06]} 20. Rac1 {[%clk 0:51:56]} axb3 {[%clk 1:09:27]} 21. axb3
{[%clk 0:51:17]} Ra3 {[%clk 1:06:55]} 22. Rxc6 {[%clk 0:38:29]} Rxb3
{[%clk 1:06:45]} 23. Qe5+ {[%clk 0:38:43]} Kg8 {[%clk 1:07:01]} 24. h4
{[%clk 0:30:05]} Rb1 {[%clk 0:58:22]} 25. h5 {[%clk 0:26:38]} Qxc6
{[%clk 0:52:47]} 26. Rxb1 {[%clk 0:27:02]} f6 {[%clk 0:53:07]} 27. Qf4
{[%clk 0:22:46]} g5 {[%clk 0:49:58]} 28. Nxg5 {[%clk 0:09:38]} fxg5
{[%clk 0:50:03]} 29. Qxg5+ {[%clk 0:10:07]} Kf7 {[%clk 0:50:21]} 30. Rc1
{[%clk 0:09:55]} Qd6 {[%clk 0:47:37]} 31. h6 {[%clk 0:09:05]} Bd7
{[%clk 0:40:46]} 32. Qg7+ {[%clk 0:07:38]} Ke8 {[%clk 0:41:15]} 33. Ra1
{[%clk 0:06:40]} Kd8 {[%clk 0:08:40]} 34. Ra8+ {[%clk 0:06:05]} Bc8
{[%clk 0:08:58]} 35. Ra7 {[%clk 0:04:04]} e5 {[%clk 0:05:36]} 36. Qxe5
{[%clk 0:00:45]} Qxe5 {[%clk 0:05:06]} 37. dxe5 {[%clk 0:01:14]} Bf5
{[%clk 0:04:30]} 38. f3 {[%clk 0:00:41]} Re8 {[%clk 0:04:59]} 39. g4
{[%clk 0:00:56]} Bd7 {[%clk 0:05:28]} 40. f4 {[%clk 0:00:45]} Rg8
{[%clk 0:31:23]} 41. g5 {[%clk 0:24:10]} Rf8 {[%clk 0:28:24]} 42. e6
{[%clk 0:23:12]} Bxe6 {[%clk 0:28:48]} 43. Rxh7 {[%clk 0:23:32]} Rxf4
{[%clk 0:28:57]} 44. Rg7 {[%clk 0:23:31]} Bf5 {[%clk 0:29:06]} 45. g6
{[%clk 0:19:14]} Bxg6 {[%clk 0:26:22]} 46. Rxg6 {[%clk 0:19:38]} Ke7
{[%clk 0:25:33]} 47. Kh2 {[%clk 0:18:44]} Kf7 {[%clk 0:25:03]} 48. Rg7+
{[%clk 0:17:49]} Kf8 {[%clk 0:25:26]} 49. Kg3 {[%clk 0:17:59]} Rf6
{[%clk 0:25:49]} 50. Rg4 {[%clk 0:18:24]} Rxh6 1/2-1/2

[Event "WCO2014"]
[Site "Tromso"]
[Date "2014.08.09"]
[Round "7.44"]
[WhiteID "12800112"]
[White "Sulskis Sarunas"]
[BlackID "13502956"]
[Black "Zhigalko Sergei"]
[Result "1/2-1/2"]
[LiveChessVersion "1.4.3"]
[BlackElo "2678"]
[WhiteElo "2544"]

1. e4 {[%clk 1:30:55]} c5 {[%clk 1:30:56]} 2. Nf3 {[%clk 1:31:15]} d6
{[%clk 1:31:23]} 3. d4 {[%clk 1:31:18]} cxd4 {[%clk 1:31:49]} 4. Nxd4
{[%clk 1:31:44]} Nf6 {[%clk 1:32:15]} 5. Nc3 {[%clk 1:31:58]} a6 {[%clk 1:32:42]}
6. h3 {[%clk 1:32:01]} e5 {[%clk 1:22:48]} 7. Nde2 {[%clk 1:29:24]} h5
{[%clk 1:22:56]} 8. Be3 {[%clk 1:17:12]} Nbd7 {[%clk 1:01:03]} 9. g3
{[%clk 1:02:32]} b6 {[%clk 0:55:14]} 10. Bg2 {[%clk 0:57:08]} Bb7
{[%clk 0:55:34]} 11. O-O {[%clk 0:52:25]} Rc8 {[%clk 0:50:10]} 12. a4
{[%clk 0:51:35]} Qc7 {[%clk 0:45:18]} 13. Nc1 {[%clk 0:41:51]} Be7
{[%clk 0:41:47]} 14. Nd3 {[%clk 0:41:29]} Qc4 {[%clk 0:41:11]} 15. Qf3
{[%clk 0:35:20]} Qe6 {[%clk 0:20:48]} 16. Nd5 {[%clk 0:29:30]} Nxd5
{[%clk 0:18:56]} 17. exd5 {[%clk 0:29:47]} Qg6 {[%clk 0:19:17]} 18. Nb4
{[%clk 0:28:52]} f5 {[%clk 0:19:03]} 19. Nc6 {[%clk 0:28:30]} Bf6
{[%clk 0:19:20]} 20. Bxb6 {[%clk 0:24:32]} h4 {[%clk 0:13:29]} 21. a5
{[%clk 0:24:00]} e4 {[%clk 0:11:46]} 22. Qb3 {[%clk 0:24:11]} O-O
{[%clk 0:08:22]} 23. Be3 {[%clk 0:20:49]} Ba8 {[%clk 0:07:42]} 24. Bf4
{[%clk 0:20:30]} Ne5 {[%clk 0:05:54]} 25. Ra4 {[%clk 0:16:57]} Nxc6
{[%clk 0:04:46]} 26. dxc6+ {[%clk 0:17:16]} Kh8 {[%clk 0:03:44]} 27. Bxd6
{[%clk 0:14:24]} Rfd8 {[%clk 0:04:09]} 28. Bf4 {[%clk 0:14:32]} Bxc6
{[%clk 0:04:29]} 29. Rb4 {[%clk 0:13:53]} Bb5 {[%clk 0:03:38]} 30. c4
{[%clk 0:10:34]} Rd3 {[%clk 0:04:03]} 31. Qa2 {[%clk 0:10:10]} Bc6
{[%clk 0:04:08]} 32. Rb3 {[%clk 0:09:28]} Rcd8 {[%clk 0:01:37]} 33. Rb6
{[%clk 0:05:47]} Bd4 {[%clk 0:01:54]} 34. Rxc6 {[%clk 0:05:05]} Qxc6
{[%clk 0:02:20]} 35. gxh4 {[%clk 0:05:25]} Qc5 {[%clk 0:01:51]} 36. b3
{[%clk 0:04:46]} Bf6 {[%clk 0:00:44]} 37. Qe2 {[%clk 0:04:39]} g6
{[%clk 0:00:58]} 38. Rb1 {[%clk 0:03:39]} Qxa5 {[%clk 0:01:16]} 39. b4
{[%clk 0:03:02]} Qa4 {[%clk 0:01:38]} 40. Kh2 {[%clk 0:03:01]} Qe8
{[%clk 0:01:02]} 41. Kh1 {[%clk 0:02:23]} Qa4 {[%clk 0:01:13]} 42. Kh2
{[%clk 0:01:32]} Qe8 {[%clk 0:25:25]} 43. Kg1 {[%clk 0:28:38]} Qd7
{[%clk 0:21:42]} 44. Bf1 {[%clk 0:27:55]} Qh7 {[%clk 0:11:11]} 45. b5
{[%clk 0:22:49]} axb5 {[%clk 0:06:46]} 46. cxb5 {[%clk 0:23:12]} Rf3
{[%clk 0:05:04]} 47. Bg5 {[%clk 0:21:38]} Bxg5 {[%clk 0:04:25]} 48. hxg5
{[%clk 0:21:59]} Qe7 {[%clk 0:04:18]} 49. h4 {[%clk 0:16:24]} Rf4
{[%clk 0:04:00]} 50. b6 {[%clk 0:15:57]} Rxh4 {[%clk 0:03:49]} 51. b7
{[%clk 0:11:01]} Rb8 {[%clk 0:04:06]} 52. Qc2 {[%clk 0:07:29]} Kh7
{[%clk 0:02:34]} 53. Qc8 {[%clk 0:07:25]} Qd6 {[%clk 0:03:02]} 54. Bg2
{[%clk 0:06:36]} Rg4 {[%clk 0:00:34]} 55. Rc1 {[%clk 0:03:19]} Rxg5
{[%clk 0:00:57]} 56. Rc7+ {[%clk 0:03:10]} Kh6 {[%clk 0:01:24]} 57. Rd7
{[%clk 0:03:18]} Qe5 {[%clk 0:00:43]} 58. Rd8 {[%clk 0:02:24]} Qa1+
{[%clk 0:01:10]} 59. Kh2 {[%clk 0:02:47]} Qe5+ {[%clk 0:00:45]} 60. Kg1
{[%clk 0:02:43]} Qa1+ {[%clk 0:01:09]} 61. Kh2 {[%clk 0:03:08]} Qe5+
{[%clk 0:00:35]} 1/2-1/2

[Event "WCO2014"]
[Site "Tromso"]
[Date "2014.08.09"]
[Round "7.43"]
[WhiteID "13502247"]
[White "Zhigalko Andrey"]
[BlackID "12800023"]
[Black "Rozentalis Eduardas"]
[Result "1-0"]
[LiveChessVersion "1.4.3"]
[BlackElo "2606"]
[WhiteElo "2580"]

1. e4 {[%clk 1:30:58]} e6 {[%clk 1:30:48]} 2. d4 {[%clk 1:31:23]} d5
{[%clk 1:31:14]} 3. Nc3 {[%clk 1:31:49]} dxe4 {[%clk 1:30:36]} 4. Nxe4
{[%clk 1:32:13]} Bd7 {[%clk 1:31:03]} 5. Nf3 {[%clk 1:32:33]} Bc6
{[%clk 1:31:27]} 6. Bd3 {[%clk 1:32:53]} Nd7 {[%clk 1:31:24]} 7. O-O
{[%clk 1:33:08]} Bxe4 {[%clk 1:31:32]} 8. Bxe4 {[%clk 1:33:32]} c6
{[%clk 1:32:00]} 9. Bf4 {[%clk 1:33:10]} Ngf6 {[%clk 1:31:10]} 10. Bd3
{[%clk 1:33:31]} Be7 {[%clk 1:31:03]} 11. Qe2 {[%clk 1:30:17]} O-O
{[%clk 1:25:47]} 12. Rfd1 {[%clk 1:30:06]} Re8 {[%clk 1:17:53]} 13. c4
{[%clk 1:27:13]} a5 {[%clk 1:14:26]} 14. Bc2 {[%clk 1:12:07]} g6 {[%clk 1:11:52]}
15. h3 {[%clk 0:56:30]} Qb6 {[%clk 1:09:15]} 16. Rd2 {[%clk 0:52:21]} a4
{[%clk 1:03:20]} 17. Rad1 {[%clk 0:40:42]} a3 {[%clk 1:00:37]} 18. b3
{[%clk 0:39:53]} Qa5 {[%clk 0:59:34]} 19. g4 {[%clk 0:34:41]} Rad8
{[%clk 0:48:14]} 20. Ne5 {[%clk 0:32:43]} Qa8 {[%clk 0:36:47]} 21. h4
{[%clk 0:26:33]} Qc8 {[%clk 0:33:04]} 22. h5 {[%clk 0:26:38]} Nxe5
{[%clk 0:30:00]} 23. dxe5 {[%clk 0:26:48]} Rxd2 {[%clk 0:25:56]} 24. Bxd2
{[%clk 0:26:06]} Nd7 {[%clk 0:25:16]} 25. Kg2 {[%clk 0:24:11]} Rd8
{[%clk 0:22:13]} 26. hxg6 {[%clk 0:21:36]} fxg6 {[%clk 0:20:35]} 27. f4
{[%clk 0:21:33]} Nf8 {[%clk 0:19:35]} 28. Rf1 {[%clk 0:20:50]} Rd7
{[%clk 0:15:56]} 29. b4 {[%clk 0:17:12]} b5 {[%clk 0:12:44]} 30. c5
{[%clk 0:15:38]} Rd4 {[%clk 0:12:22]} 31. Bb3 {[%clk 0:13:30]} Qd7
{[%clk 0:09:34]} 32. Bc3 {[%clk 0:10:44]} Rd3 {[%clk 0:09:34]} 33. Rf3
{[%clk 0:11:00]} Rxf3 {[%clk 0:06:56]} 34. Qxf3 {[%clk 0:11:14]} Kf7
{[%clk 0:04:07]} 35. Kf2 {[%clk 0:06:36]} Ke8 {[%clk 0:04:04]} 36. Ke2
{[%clk 0:06:23]} Kd8 {[%clk 0:01:11]} 37. Bd2 {[%clk 0:06:45]} Kc7
{[%clk 0:01:10]} 38. Bc2 {[%clk 0:03:55]} Qd4 {[%clk 0:01:07]} 39. Qxa3
{[%clk 0:03:39]} Kb7 {[%clk 0:00:47]} 40. Qf3 {[%clk 0:00:54]} Qc4+
{[%clk 0:01:03]} 41. Bd3 {[%clk 0:00:43]} 1-0